| 000 | 00396nam a2200133Ia 4500 | ||
|---|---|---|---|
| 008 | 220216s9999 xx 000 0 und d | ||
| 100 | _aFan R | ||
| 245 | 0 | _aImmiscible rubber blend applicable for high performance tire | |
| 260 | _bProceedings of the International Rubber Conference, Kobe, Japan, 1995; p691-694 | ||
| 650 | _aRubber blend | ||
| 700 | _aWu Y | ||
| 700 | _aZhong C | ||
| 942 | _cJS | ||
| 999 |
_c60697 _d60697 |
||